000 01537cam a2200361 a 4500
001 12579991
005 20220326193318.0
008 011025s2000 bl a bc 000 0 por
010 _a 2001298029
020 _a8587220136
035 _a(DLC) 200129802
040 _aDLC
_cDLC
041 0 _aporeng
042 _alcode
043 _as-bl---
082 _a750
_bA555m
100 1 _aAndré, Marcus,
_d1961-
_92437
245 1 0 _aMarcus André :
_bpinturas /
_c[textos, Paulo Sergio Duarte, Sônia Salzstein ; entrevista, Daniela Name ; pesquisa, Adriana Tabalipa].
246 1 _iSubtitle on t.p. verso:
_aPaintings.
260 _aRio de Janeiro, RJ, Brasil :
_bCanal Contemporâneo :
_bEditora Casa da Palavra,
_cc2000.
300 _a156 p. :
_bill. (chiefly col.) ;
_c24 x 30 cm.
504 _aIncludes bibliographical references (p. [155]-156).
505 _tCanal contemporaneo/ apresentacao/ foreword
_tEntrevista com Marcus André
_rDaniela Name
_tFogo sem matéria
_rSonia Salztein
_tEssas telas só se entregam por inteiro
_rPaulo Sergio Duarte
_tReproducoes / plates
_tCronologia/cronology
_tBibliografia/ bibliography
546 _aPortuguese and English.
600 1 0 _aAndré, Marcus,
_d1961-
_vCatalogs.
_92438
650 0 _aPainting, Abstract
_zBrazil
_vCatalogs.
_92439
700 1 _aDuarte, Paulo Sérgio.
_92440
700 1 _aSalzstein, Sônia.
_92441
700 1 _aName, Daniela.
_92442
700 1 _aTabalipa, Adriana.
_92443
906 _a7
_bcbc
_corigode
_d2
_encip
_f20
_gy-gencatlg
999 _c529
_d529